Water, energy, and environment : a primer /

Bibliographic Details
Main Author: Hoffman, Allan R., 1937- (Author)
Format: Book
Language:English
Published: London : IWA Publishing, [2019]
Subjects:

MARC

Tag First Indicator Second Indicator Subfields
LEADER 00000cam a2200000Mi 4500
001 in00004061237
005 20190718163401.0
008 180224t20192019enka b 001 0 eng d
020 |a 1780409648  |q paperback 
020 |a 9781780409641  |q paperback 
035 |a (OCoLC)on1023860040 
040 |a YDX  |e rda  |c YDX  |d COO  |d ZYU  |d UtOrBLW 
049 |a TXAM 
050 4 |a TJ163.2  |b .H64 2019 
082 0 |a 333.79  |2 23 
100 1 |a Hoffman, Allan R.,  |d 1937-  |e author.  |0 http://id.loc.gov/authorities/names/no2017010690 
245 1 0 |a Water, energy, and environment :  |b a primer /  |c Allan R. Hoffman. 
264 1 |a London :  |b IWA Publishing,  |c [2019] 
264 4 |c ©2019 
300 |a xx, 192 pages :  |b illustrations ;  |c 21 cm. 
336 |a text  |b txt  |2 rdacontent 
337 |a unmediated  |b n  |2 rdamedia 
338 |a volume  |b nc  |2 rdacarrier 
504 |a Includes bibliographical references and index. 
650 0 |a Power resources.  |0 http://id.loc.gov/authorities/subjects/sh85105992 
650 0 |a Water-supply.  |0 http://id.loc.gov/authorities/subjects/sh85145648 
650 0 |a Sustainable development.  |0 http://id.loc.gov/authorities/subjects/sh92005743 
945 |b 999207 
947 |a A14850748428 
948 |a cataloged  |b h  |c 2019/5/7  |d c  |e dmitchel  |f 10:20:30 am 
994 |a C0  |b TXA 
999 f f |s be5eb9f7-80d9-39d1-b47e-69e3f71cc605  |i 75caca09-5570-3b4d-8cd2-236f3f3121f3  |t 0 
952 f f |p normal  |a Texas A&M University  |b College Station  |c Sterling C. Evans Library  |d Evans: Library Stacks  |t 0  |e TJ163.2 .H64 2019  |h Library of Congress classification  |i unmediated -- volume  |m A14850748428 
998 f f |a TJ163.2 .H64 2019  |t 0  |l Evans: Library Stacks